Guess the Fusion Rock Song Lyrics #100 - Statistics

General Stats
  • This quiz has been taken 15 times
  • The average score is 231 of 306
Answer Stats
Answer % Correct
I
100%
me
100%
A
90%
a
90%
And
90%
and
90%
be
90%
But
90%
get
90%
have
90%
hear
90%
if
90%
is
90%
it
90%
it's
90%
my
90%
No
90%
no
90%
of
90%
one
90%
the
90%
then
90%
there
90%
to
90%
when
90%
When
90%
who
90%
Who
90%
you
90%
You
90%
your
90%
you're
90%
You're
90%
all
80%
can
80%
can't
80%
could
80%
do
80%
heart
80%
how
80%
in
80%
know
80%
never
80%
so
80%
that
80%
wanted
80%
well
80%
will
80%
with
80%
With
80%
anything
70%
come
70%
couldn't
70%
eyes
70%
fire
70%
night
70%
Now
70%
now
70%
out
70%
saw
70%
see
70%
stone
70%
took
70%
way
70%
would
70%
about
60%
believe
60%
believed
60%
doubt
60%
feel
60%
put
60%
said
60%
Said
60%
turn
60%
was
60%
What's
60%
America
50%
cast
50%
darn
50%
De
50%
de
50%
desire
50%
gets
50%
hold
50%
magic
50%
Magic
50%
spell
50%
things
50%
true
50%
clay
40%
clear
40%
cold
40%
hypnotize
40%
again
30%
free
30%
happen
30%
myself
30%
tears
30%
beatin
20%
disappears
20%
dit
20%
dry
20%
pane
20%
rain
20%
sleep
20%
tight
20%
upon
20%
window
20%
word
20%
retrieve
10%
No matching quizzes found
Score Distribution
Percent of People with Each Score
Percentile by Number Answered
Your Score History
You have not taken this quiz